Renaissance in Japan : A cultural survey of the seventeenth century
This book is of interest to a wide circle: to specialists of Japanese history; to students of the relations between the modern West and contemporary non-Western civilizations; and to inquirers into the general nature of human society.
Tallennettuna:
| Päätekijä: | |
|---|---|
| Aineistotyyppi: | Kirja |
| Kieli: | Undetermined |
| Julkaistu: |
Rutland, Vt.,
C. E. Tuttle Co.
1970
|
| Aiheet: | |
| Tagit: |
Lisää tagi
Ei tageja, Lisää ensimmäinen tagi!
|
| Thư viện lưu trữ: | Trung tâm Học liệu Trường Đại học Cần Thơ |
|---|
| LEADER | 00889nam a2200229Ia 4500 | ||
|---|---|---|---|
| 001 | CTU_113612 | ||
| 008 | 210402s9999 xx 000 0 und d | ||
| 082 | |a 915.2 | ||
| 082 | |b K59 | ||
| 100 | |a Kirkwood, Kenneth P. | ||
| 245 | 0 | |a Renaissance in Japan : | |
| 245 | 2 | |b A cultural survey of the seventeenth century | |
| 245 | 0 | |c Kenneth P. Kirkwood; Foreword by Arnold J. Toynbee | |
| 260 | |a Rutland, Vt., | ||
| 260 | |b C. E. Tuttle Co. | ||
| 260 | |c 1970 | ||
| 520 | |a This book is of interest to a wide circle: to specialists of Japanese history; to students of the relations between the modern West and contemporary non-Western civilizations; and to inquirers into the general nature of human society. | ||
| 650 | |a Civilization, modern,Renaissance | ||
| 650 | |y 17th century | ||
| 650 | |z Japan | ||
| 904 | |i M.Loan | ||
| 980 | |a Trung tâm Học liệu Trường Đại học Cần Thơ | ||